Strzelcy bramek w 23 kolejce Bundesligi w sezonie 2020/21. - Statystyki

Ogólne statystyki
  • Ten quiz został rozwiązany 11 razy
  • Średni wynik to 11 z 31
Statystyki odpowiedzi
Mecz Piłkarz % Poprawnych
Bayern - Koln 2:0 Lewandowski
100%
Bayern - Koln 3:1 Lewandowski
100%
Bayern - Koln 4:1 Gnabry
82%
Bayern - Koln 5:1 Gnabry
82%
Dortmund - Bielefeld 2:0 Sancho
73%
Dortmund - Bielefeld 1:0 Dahoud
45%
Werder Brema - Frankfurt 0:1 Silva
45%
RB Lipsk - Monchengladbach 0:2 Thuram
45%
Bayern - Koln 1:0 Choupo-Moting
36%
Union Berlin - Hoffenheim 1:0 Kruse
36%
RB Lipsk - Monchengladbach 1:2 Nkunku
36%
RB Lipsk - Monchengladbach 2:2 Poulsen
36%
RB Lipsk - Monchengladbach 3:2 Sorloth
36%
Leverkusen - Freiburg 1:2 Bailey
27%
Leverkusen - Freiburg 0:1 Demirovic
27%
Werder Brema - Frankfurt 1:1 Gebre Selassie
27%
Mainz - Augsburg 0:1 Hahn
27%
Stuttgart - Schalke 3:0 Kalajdzic
27%
Wolfsburg - Hertha 1:0 (bramka samobójcza) Klunter
27%
Stuttgart - Schalke 3:1 Kolasinac
27%
Werder Brema - Frankfurt 2:1 Sargent
27%
Bayern - Koln 2:1 Skhiri
27%
Stuttgart - Schalke 1:0 Endo
18%
Stuttgart - Schalke 2:0 Endo
18%
RB Lipsk - Monchengladbach 0:1 Hofmann
18%
Leverkusen - Freiburg 0:2 Holer
18%
Dortmund - Bielefeld 3:0 Reinier
18%
Stuttgart - Schalke 5:1 Didavi
9%
Wolfsburg - Hertha 2:0 Lacroix
9%
Union Berlin - Hoffenheim 1:1 (Bramka samobójcza) Schlotterbeck
9%
Stuttgart - Schalke 4:1 Klement
0%
Nie znaleziono quizów pasujących do podanych kryteriów
Rozkład punktacji
Procent ludzi z każdym wynikiem
Percentyl według liczby udzielonych odpowiedzi
Twoja historia wyników
Nie rozwiązałeś tego quizu